000 00558nam a2200229Ia 4500
003 OSt
005 20221005130251.0
006 a|||||r|||| 00| 0
007 ta
008 221004b |||||||| |||| 00| 0 kan d
024 _a59803
037 _cTextual
040 _aCRL
_cCRL
_bkan
041 _2kan
_akan
082 _aO33,1DRA:g, L3
100 _aSeetharamayya
_9637838
245 0 _aRanna
260 _c1973
650 _aKANNAD LITERATURE
942 _hO33,1DRA:g, L3
_cTEXL
_2cc
999 _c1056643
_d1056643